Statistics for Movie by Cast members (pictures)

Click here to take the quiz!

General Stats

  • This quiz has been taken 96 times
  • The average score is 9 of 16

Answer Stats

Answer% Correct
Avengers
90%
Jumanji
77%
Guardians of the Galaxy
70%
Top Gun Maverick
65%
It
63%
Mamma Mia
62%
Knives Out
56%
The Devil Wears Prada
56%
Avatar
53%
American Psycho
48%
Black Swan
46%
Maze Runner
44%
Shutter Island
43%
Interstellar
39%
Fantastic Four
35%
Legally Blonde
32%

Score Distribution

Percentile by Number Answered

Percent of People with Each Score

Your Score History

You have not taken this quiz